Coplas de Mingo Revulgo / (Record no. 47309)

MARC details
000 -LEADER
campo de control de longitud fija 00634nam a2200193 i 4500
001 - NÚMERO DE CONTROL
campo de control 47309
003 - IDENTIFICADOR DE NÚMERO DE CONTROL
campo de control ES-MaACL
005 - FECHA Y HORA DE LA ÚLTIMA TRANSACCIÓN
campo de control 20231229062541.0
007 - CAMPO FIJO DE DESCRIPCIÓN FÍSICA--INFORMACIÓN GENERAL
campo de control de longitud fija t|
008 - DATOS DE LONGITUD FIJA--INFORMACIÓN GENERAL
campo de control de longitud fija 030407s1972 sp ||||1| spa d
130 0# - ENTRADA PRINCIPAL--TÍTULO UNIFORME
Título uniforme Coplas de Mingo Revulgo.
9 (RLIN) 160681
245 10 - MENCIÓN DEL TÍTULO
Título Coplas de Mingo Revulgo /
Mención de responsabilidad, etc. glosadas por Hernando del Pulgar ; [noticia preliminar de Fedérico Carlos Sainz de Robles].
260 ## - PUBLICACIÓN, DISTRIBUCIÓN, ETC.
Lugar de publicación, distribución, etc. Madrid :
Nombre del editor, distribuidor, etc. Espasa-Calpe,
Fecha de publicación, distribución, etc. 1972.
300 ## - DESCRIPCIÓN FÍSICA
Extensión 17 p. ;
Dimensiones 20 cm.
500 ## - NOTA GENERAL
Nota general Ed. facsímil.
700 1# - ENTRADA AGREGADA--NOMBRE PERSONAL
Nombre de persona Sainz de Robles, Federico Carlos,
Fechas asociadas al nombre 1898-1982
9 (RLIN) 101593
852 ## - LOCALIZACIÓN
Ubicación ES-MaACL
Número de control de estantería C-49287
Sublocalización o colección R.84240
Holdings
Estatus retirado Estado de pérdida Estado de daño No para préstamo Biblioteca de origen Biblioteca actual Ubicación en estantería Fecha de adquisición Fuente de adquisición Total de préstamos Signatura topográfica completa Código de barras Visto por última vez Precio de reemplazo Tipo de ítem Koha
        Biblioteca del Ateneo de Madrid Biblioteca del Ateneo de Madrid Depósito 2 17/01/2008     C-49287 1049756 23/02/2023 23/02/2023 Libro impreso